000 00499nam a2200133 a 4500
001 000028987
005 20250226113147.0
008 110413s1988 dr ac 000 0 spa d
040 _aDO-SdBNP
_bspa
_cBNPHU
245 0 0 _aZonas francas industriales : importante aporte al desarrollo socioeconómico nacional.
260 _aSanto Domingo :
_bCFI
_bEditora Alfa y Omega,
_c1988.
300 _a21 p. :
_bil., retrs. ;
_c28 cm.
710 2 _aCorporación de Fomento Industrial de la República Dominicana
_936784
999 _c28479
_d28479